| 000 | 02319cam a22002535a 4500 | ||
|---|---|---|---|
| 001 | L155821 | ||
| 008 | 120417s2012 xxk f 000 0 eng d | ||
| 020 | _a9783642236112 | ||
| 035 | _a(Sirsi) u155821 | ||
| 041 | 0 | _aeng | |
| 245 | 0 | 0 |
_aUnderstanding German Real Estate Markets 2012 _h[electronic resource] |
| 260 |
_bSpringer Verlag _c2012 |
||
| 300 | _aebook | ||
| 505 | 2 | _aPart I Macro Environment -- Real Estate Data Sources in Germany -- Size and Impact of Real Estate Sector and Its Role for Business Cycles and Growth -- Demographic Outlook and the Implications for Real Estate Markets -- Sustainable Buildings -- The German City System -- Part II Judicial Framework -- Regulations and Laws on Real Estate Agents, Notaries and Cadastres -- Legal Framework for Real Estate Asset Classes -- Valuation of Real Estate in Germany -- Rental Law -- Planning and Building Law -- Part III Tax and Subsidy Framework -- Tax Framework for Investing by Asset Classes -- German Taxation of Real Estate Investments -- Monument Protection and Zoning: Regulations and Public Support from an International Perspective -- Part IV Financing -- Commercial Property Financing after the Crisis -- Going Public and M&A in the German Real Estate Market -- Part V Asset Classes -- Development of Residential Property -- German Office Markets -- Retail Property Markets -- Hotel Market Germany -- German Open-End Real Estate Funds -- German Closed-End Funds -- REOCs and REITs -- Derivatives on Real Estate Indices -- German Real Estate Returns in International Comparison -- Part VI Public Real Estate -- Public Real Estate -- PPP and Infrastructure | |
| 520 | _aThis book covers many topics related to investing in German real estate; i.e. economic as well as real estate, legal and tax issues The two editors have asked extensively knowledgable practioners as well as academicians. Prof. Schulte says that there is no other English publication that gives such a profound and simultaneously entertaining overview of German real estate markets. | ||
| 590 | _aka ntk | ||
| 650 | 2 | 4 | _aEBOOK |
| 651 | 4 | _aGermany | |
| 690 |
_aSales _96269 |
||
| 700 | 1 | _aJust, Tobias | |
| 700 | 1 | _aMaennig, Wolfgang | |
| 856 | 4 | 0 |
_uhttps://www.vlebooks.com/ _zView on VLEbooks. Logins for members only from [email protected] |
| 942 | _n0 | ||
| 999 |
_c113852 _d113852 |
||